[Event "FIDE WRBTC Blitz-Pool 2024"]
[Site "Astana"]
[Date "2024.08.05"]
[Round "6.20"]
[White "Isaev, Anton"]
[Black "Markov, Mikhail"]
[Result "0-1"]
[WhiteElo "2156"]
[BlackElo "2255"]
[Annotator "ChessBase"]
[PlyCount "142"]
[EventDate "2024.08.01"]
[EventType "team-tourn"]
[EventCountry "KAZ"]
[SourceTitle "playchess.com"]
[Source "ChessBase"]
[SourceQuality "1"]

1. d4 d5 2. c4 e6 3. Nf3 a6 4. cxd5 exd5 5. Nc3 c6 6. Bf4 Bd6 7. e3 Bxf4 8. exf4 Bf5 9. Be2 Nf6 10. O-O O-O 11. Ne5 Ne8 12. Bd3 Bxd3 13. Qxd3 Nd6 14. Rae1 Re8 15. Re3 Nd7 16. Rfe1 Nf8 17. Ne2 Qa5 18. Nc3 Qb6 19. b3 Ne6 20. Ne2 Qa5 21. Ra1 Qb6 22. f5 Nf8 23. Nf4 f6 24. Nf3 Rxe3 25. fxe3 Re8 26. Re1 Qb5 27. Qc2 Re4 28. Nd2 Re7 29. g4 Ne4 30. Nxe4 Rxe4 31. Kf2 Qb4 32. Re2 Qd6 33. Kf3 g6 34. Qc5 Qxc5 35. dxc5 Kf7 36. fxg6+ hxg6 37. h4 Nd7 38. Nd3 f5 39. gxf5 gxf5 40. Rh2 Kg6 41. Rg2+ Kh6 42. Rh2 Nf6 43. Nf4 Ng4 44. Re2 Ne5+ 45. Kg3 Nd7 46. Nd3 Rg4+ 47. Kh3 Re4 48. Kg3 d4 49. Kf3 Rxh4 50. exd4 Rxd4 51. Nf4 Nxc5 52. Re7 Kg5 53. Nh3+ Kf6 54. Rh7 Rd3+ 55. Ke2 Rc3 56. Kd1 Ke5 57. Re7+ Kd6 58. Rf7 Rxh3 59. Rxf5 Rh2 60. Rf6+ Kd5 61. Rf5+ Kd4 62. Rf4+ Ne4 63. Kc1 c5 64. a4 b5 65. axb5 axb5 66. Rf8 c4 67. bxc4 bxc4 68. Rd8+ Kc3 69. Rd1 Ra2 70. Kb1 Ra4 71. Rc1+ Kb3 0-1

[Event "FIDE WRBTC Blitz-Pool 2024"]
[Site "Astana"]
[Date "2024.08.05"]
[Round "6.21"]
[White "Faizrakhmanov, Ramil"]
[Black "Sharshenbekov, Emir"]
[Result "0-1"]
[WhiteElo "2424"]
[BlackElo "2078"]
[Annotator "ChessBase"]
[PlyCount "198"]
[EventDate "2024.08.01"]
[EventType "team-tourn"]
[EventCountry "KAZ"]
[SourceTitle "playchess.com"]
[Source "ChessBase"]
[SourceQuality "1"]

1. d4 Nf6 2. c4 g6 3. Nc3 Bg7 4. e4 d6 5. h3 O-O 6. Nf3 e5 7. d5 Na6 8. Be3 Nc5 9. Nd2 a5 10. g4 Bd7 11. Be2 c6 12. h4 cxd5 13. cxd5 h6 14. a4 b6 15. h5 g5 16. f3 Ne8 17. Kf2 Rc8 18. Kg2 Bf6 19. Bb5 Nc7 20. Bxd7 Qxd7 21. Qe2 N7a6 22. Qb5 Qc7 23. Rhc1 Nb4 24. Nc4 Bd8 25. Bxc5 bxc5 26. Ne3 Rb8 27. Qc4 Be7 28. Nf5 Kh7 29. Nb5 Qd7 30. Qe2 Rb6 31. Ne3 Ra8 32. Nc2 Na6 33. Ra3 Bd8 34. Rc3 Rab8 35. Nca3 R6b7 36. Nc4 Bc7 37. Rd3 Nb4 38. Rdd1 Na6 39. Qd2 Nb4 40. Ra1 Ra8 41. Qc3 Qd8 42. Rd2 Rbb8 43. Nxe5 dxe5 44. d6 Bb6 45. Qxe5 Qd7 46. Rad1 Re8 47. Qf6 Re6 48. Qf5+ Kg7 49. Na3 Rd8 50. Nc4 Ba7 51. Nxa5 Rf6 52. Qxd7 Rxd7 53. Nc4 Nc6 54. Rd5 Re6 55. R1d2 Kf6 56. Rf5+ Kg7 57. Rfd5 Kf6 58. Ne3 Re5 59. Nf5 Nd4 60. Rxe5 Kxe5 61. Nxh6 Kxd6 62. Nf5+ Ke5 63. Ne3 Rb7 64. h6 Rb8 65. Nc4+ Ke6 66. Rd1 Rh8 67. Rh1 Kf6 68. a5 Bb8 69. a6 Nc6 70. Nb6 Ba7 71. Nd5+ Kg6 72. Nc7 Rxh6 73. Rd1 Nd4 74. Nd5 Rh8 75. b4 cxb4 76. Nxb4 Rb8 77. Nd3 Rb3 78. Ne5+ Kf6 79. Nd3 Ra3 80. f4 Rxa6 81. e5+ Kg6 82. f5+ Kg7 83. Nb4 Ra4 84. Nd5 Ra5 85. f6+ Kf8 86. Rb1 Ke8 87. Nc7+ Kd7 88. e6+ Nxe6 89. Nb5 Bc5 90. Rd1+ Kc6 91. Nc3 Bd4 92. Ne4 Kd5 93. Ng3 Ra2+ 94. Kf3 Ra3+ 95. Kg2 Ke5 96. Re1+ Kxf6 97. Ne4+ Kg6 98. Nd6 Nf4+ 99. Kf1 Rf3# 0-1

[Event "FIDE WRBTC Blitz-Pool 2024"]
[Site "Astana"]
[Date "2024.08.05"]
[Round "6.21"]
[White "Erzhanov, Arman"]
[Black "Dosmukhambetov, Arystan"]
[Result "1-0"]
[WhiteElo "2114"]
[BlackElo "1976"]
[Annotator "ChessBase"]
[PlyCount "59"]
[EventDate "2024.08.01"]
[EventType "team-tourn"]
[EventCountry "KAZ"]
[SourceTitle "playchess.com"]
[Source "ChessBase"]
[SourceQuality "1"]

1. e4 c5 2. Nf3 e6 3. b3 b6 4. Bb2 Bb7 5. Qe2 Nc6 6. g3 Nf6 7. Bg2 Be7 8. O-O O-O 9. d4 cxd4 10. Nxd4 Nxd4 11. Bxd4 d6 12. c4 Qc7 13. Bb2 Rfd8 14. Nc3 Rac8 15. Kh1 a6 16. Rac1 Bc6 17. f4 Qb7 18. Rce1 b5 19. Nd5 bxc4 20. bxc4 Re8 21. Rb1 Bxd5 22. cxd5 Qd7 23. dxe6 Qxe6 24. e5 dxe5 25. fxe5 Nd5 26. Qh5 Ne3 27. Bh3 Qd5+ 28. Qf3 Qxf3+ 29. Rxf3 Rb8 30. Rxe3 1-0

[Event "FIDE WRBTC Blitz-Pool 2024"]
[Site "Astana"]
[Date "2024.08.05"]
[Round "6.21"]
[White "Skak, Abuali"]
[Black "Wageih, Kareim"]
[Result "0-1"]
[WhiteElo "1969"]
[BlackElo "2402"]
[Annotator "ChessBase"]
[PlyCount "55"]
[EventDate "2024.08.01"]
[EventType "team-tourn"]
[EventCountry "KAZ"]
[SourceTitle "playchess.com"]
[Source "ChessBase"]
[SourceQuality "1"]

1. e4 c5 2. Nf3 e6 3. d4 cxd4 4. Nxd4 Nc6 5. Nc3 Qc7 6. Be3 a6 7. a3 Nf6 8. Be2 b5 9. O-O Bb7 10. Nxc6 Bxc6 11. f3 d5 12. exd5 Nxd5 13. Nxd5 Bxd5 14. Qd2 Bc5 15. Rac1 O-O 16. Bd4 Rfd8 17. c3 e5 18. Kh1 Bc4 19. b3 Bxa3 20. bxc4 Bxc1 21. Qxc1 exd4 22. cxb5 d3 23. b6 Qxb6 24. Bd1 a5 25. Qd2 a4 26. f4 a3 27. Bf3 Qb2 28. Qd1 0-1

[Event "FIDE WRBTC Blitz-Pool 2024"]
[Site "Astana"]
[Date "2024.08.05"]
[Round "6.22"]
[White "Sameh Mohamed, Abdalrahman"]
[Black "Akhmedya, Madyar"]
[Result "1-0"]
[WhiteElo "2259"]
[BlackElo "1786"]
[Annotator "ChessBase"]
[PlyCount "130"]
[EventDate "2024.08.01"]
[EventType "team-tourn"]
[EventCountry "KAZ"]
[SourceTitle "playchess.com"]
[Source "ChessBase"]
[SourceQuality "1"]

1. e4 c5 2. Nc3 Nc6 3. f4 e6 4. Nf3 d5 5. Bb5 d4 6. Bxc6+ bxc6 7. Ne2 Nf6 8. d3 Be7 9. b3 O-O 10. O-O a5 11. a4 h6 12. Ba3 Ng4 13. Qd2 Ne3 14. Rf2 Qc7 15. Ng3 Ba6 16. Nf1 Nxf1 17. Rfxf1 Bd6 18. e5 Be7 19. Qe2 c4 20. bxc4 Bxa3 21. Rxa3 c5 22. Nd2 Rab8 23. Nb3 Bb7 24. Qd2 Ra8 25. Rb1 Rfb8 26. Nc1 Qc6 27. Rab3 Ra7 28. Rb5 Qc7 29. Nb3 Raa8 30. Rxc5 Qd7 31. Rb5 Bc6 32. Nc5 Qc7 33. Rxb8+ Rxb8 34. Rxb8+ Qxb8 35. Nb3 Bxa4 36. Nxa5 Qb1+ 37. Kf2 Bxc2 38. c5 Bxd3 39. c6 Ba6 40. Kg3 Qg6+ 41. Kf2 Qb1 42. c7 d3 43. Qc3 Qc2+ 44. Qxc2 dxc2 45. Nb3 Bc8 46. Ke3 g6 47. Kd2 Kf8 48. Na5 Ke7 49. Kxc2 Kd7 50. Nc4 Kxc7 51. Nd6 Bb7 52. g3 f6 53. Ne8+ Kd7 54. Nxf6+ Ke7 55. Ng8+ Kf8 56. Nxh6 Bf3 57. h3 Kg7 58. Ng4 Kf7 59. Kd3 Bg2 60. Nf2 Bb7 61. Kd4 Kg7 62. Ne4 Bc8 63. Ng5 Kh6 64. Kc5 Kg7 65. Kd6 Ba6 1-0

[Event "FIDE WRBTC Blitz-Pool 2024"]
[Site "Astana"]
[Date "2024.08.05"]
[Round "6.22"]
[White "Kim, Kristina"]
[Black "Zheenbekov, Nurgazy"]
[Result "1/2-1/2"]
[WhiteElo "1943"]
[BlackElo "2124"]
[Annotator "ChessBase"]
[PlyCount "198"]
[EventDate "2024.08.01"]
[EventType "team-tourn"]
[EventCountry "KAZ"]
[SourceTitle "playchess.com"]
[Source "ChessBase"]
[SourceQuality "1"]

1. d4 d5 2. Nf3 Nf6 3. Bf4 e6 4. e3 Bd6 5. Bg3 O-O 6. Bd3 c5 7. c3 b6 8. Qe2 a5 9. Nbd2 Ba6 10. e4 Bxd3 11. Qxd3 dxe4 12. Nxe4 Nxe4 13. Qxe4 Ra7 14. dxc5 Bxc5 15. Rd1 Rd7 16. Rxd7 Nxd7 17. O-O Nf6 18. Qe2 Qd5 19. c4 Qf5 20. Rd1 h6 21. Ne5 Ne4 22. Nc6 Kh8 23. Qf3 Qxf3 24. gxf3 Nf6 25. Kg2 Rc8 26. Ne5 Kg8 27. b3 Be7 28. Bf4 Ba3 29. Be3 Bc5 30. Bxc5 bxc5 31. Rd6 Nh5 32. Nd3 g5 33. h4 Kg7 34. hxg5 hxg5 35. Kf1 a4 36. Ke2 axb3 37. axb3 Ra8 38. Nxc5 Ra2+ 39. Ke3 Nf4 40. Nd3 Re2+ 41. Kd4 Rd2 42. Ke3 Re2+ 43. Kd4 Rd2 44. Ke3 Re2+ 45. Kd4 Nxd3 46. Kxd3 Rxf2 47. Ke3 Rb2 48. Rd3 f5 49. Rc3 e5 50. c5 Kf6 51. c6 f4+ 52. Ke4 Rd2 53. Rc4 Re2+ 54. Kd5 Rd2+ 55. Kc5 Rd8 56. c7 Rc8 57. Kd6 g4 58. fxg4 f3 59. Rc1 e4 60. Kd7 Rf8 61. c8=Q Rxc8 62. Kxc8 e3 63. Rf1 f2 64. b4 Kg5 65. b5 e2 66. Rxf2 e1=Q 67. Rf5+ Kxg4 68. Rc5 Qe8+ 69. Kc7 Qe7+ 70. Kc6 Qe8+ 71. Kc7 Qf7+ 72. Kc6 Qe6+ 73. Kc7 Qe7+ 74. Kc6 Qe6+ 75. Kc7 Qe3 76. Kc6 Qe8+ 77. Kc7 Qe7+ 78. Kc6 Qe8+ 79. Kc7 Qe7+ 80. Kc6 Qa7 81. b6 Qa4+ 82. Kc7 Qf4+ 83. Kc6 Qf6+ 84. Kc7 Qe7+ 85. Kc6 Qe8+ 86. Kc7 Qe7+ 87. Kc6 Qe4+ 88. Kc7 Qd4 89. Kc6 Qf6+ 90. Kc7 Qe7+ 91. Kc6 Qe8+ 92. Kc7 Qe3 93. Kc6 Qe6+ 94. Kc7 Qe7+ 95. Kc6 Qe8+ 96. Kc7 Qe7+ 97. Kc6 Qe4+ 98. Kc7 Qe7+ 99. Kc6 Qe6+ 1/2-1/2

[Event "FIDE WRBTC Blitz-Pool 2024"]
[Site "Astana"]
[Date "2024.08.05"]
[Round "6.22"]
[White "Iunusov, Nuriddin"]
[Black "Orlov, Oleg"]
[Result "0-1"]
[WhiteElo "1925"]
[BlackElo "2254"]
[Annotator "ChessBase"]
[PlyCount "68"]
[EventDate "2024.08.01"]
[EventType "team-tourn"]
[EventCountry "KAZ"]
[SourceTitle "playchess.com"]
[Source "ChessBase"]
[SourceQuality "1"]

1. e4 e5 2. Nf3 Nc6 3. Nc3 Nf6 4. Bb5 Nd4 5. O-O Nxb5 6. Nxb5 c6 7. Nc3 d6 8. d4 Qc7 9. h3 g6 10. a4 Bg7 11. Re1 O-O 12. Be3 Rd8 13. Qd2 b6 14. Rad1 Ba6 15. Bh6 Bh8 16. Qg5 Ne8 17. Qh4 f6 18. Be3 Qf7 19. Ra1 Bc8 20. a5 b5 21. d5 b4 22. Na2 c5 23. Nc1 Ng7 24. c3 bxc3 25. bxc3 Rb8 26. Nd2 Ba6 27. Ncb3 Rdc8 28. f3 f5 29. Reb1 Nh5 30. Qe1 Bd3 31. Rc1 c4 32. g4 fxg4 33. hxg4 Nf4 34. Bxf4 Qxf4 0-1

[Event "FIDE WRBTC Blitz-Pool 2024"]
[Site "Astana"]
[Date "2024.08.05"]
[Round "6.23"]
[White "Serikbay, Assel"]
[Black "Lesbekova, Assel"]
[Result "1-0"]
[WhiteElo "2237"]
[BlackElo "1903"]
[Annotator "ChessBase"]
[PlyCount "87"]
[EventDate "2024.08.01"]
[EventType "team-tourn"]
[EventCountry "KAZ"]
[SourceTitle "playchess.com"]
[Source "ChessBase"]
[SourceQuality "1"]

1. d4 d5 2. Nf3 e6 3. c4 a6 4. cxd5 exd5 5. Nc3 c6 6. Bf4 h6 7. e3 Nf6 8. Bd3 Bd6 9. Bxd6 Qxd6 10. O-O Nbd7 11. Rc1 O-O 12. Nh4 c5 13. Nf5 Qe6 14. dxc5 Nxc5 15. Bb1 Nce4 16. Nxd5 Nxd5 17. Qxd5 Qxd5 18. Ne7+ Kh8 19. Nxd5 Nd2 20. Rfd1 Nxb1 21. Rxb1 Be6 22. e4 Rac8 23. f3 Rc2 24. Nb4 Rc4 25. a3 Rfc8 26. Rd2 a5 27. Nd5 Rd8 28. Rbd1 b5 29. Kf2 b4 30. axb4 axb4 31. Ne3 Rxd2+ 32. Rxd2 Rc1 33. f4 g6 34. g4 Kg7 35. f5 Ba2 36. e5 b3 37. f6+ Kh7 38. Rd7 Kg8 39. Rd8+ Kh7 40. Rf8 Bb1 41. Rxf7+ Kg8 42. Rg7+ Kf8 43. e6 Rh1 44. e7+ 1-0

[Event "FIDE WRBTC Blitz-Pool 2024"]
[Site "Astana"]
[Date "2024.08.05"]
[Round "6.23"]
[White "Samaganova, Aleksandra"]
[Black "Akhmet, Suleyman"]
[Result "0-1"]
[WhiteElo "1948"]
[BlackElo "1730"]
[Annotator "ChessBase"]
[PlyCount "144"]
[EventDate "2024.08.01"]
[EventType "team-tourn"]
[EventCountry "KAZ"]
[SourceTitle "playchess.com"]
[Source "ChessBase"]
[SourceQuality "1"]

1. c4 f5 2. Nc3 Nf6 3. g3 g6 4. Bg2 Bg7 5. d3 O-O 6. e4 fxe4 7. dxe4 e5 8. Nge2 d6 9. h3 Nc6 10. O-O Nd7 11. Be3 Re8 12. Qd2 Nc5 13. Rad1 Ne6 14. f4 Ned4 15. Kh2 Be6 16. b3 Qd7 17. Bf2 Rf8 18. Nd5 Rae8 19. Nxd4 Nxd4 20. Bxd4 exd4 21. Nb4 a5 22. Nd3 b6 23. Rde1 a4 24. Qc2 axb3 25. axb3 c5 26. Ra1 b5 27. Ra6 bxc4 28. bxc4 Qf7 29. Ra4 Ra8 30. Rfa1 Rxa4 31. Rxa4 Rb8 32. Qa2 h5 33. Ra7 Rb7 34. Rxb7 Qxb7 35. e5 Qd7 36. exd6 Qxd6 37. Qa8+ Kh7 38. Qa5 Bxc4 39. Nxc5 d3 40. Ne4 Qd7 41. Ng5+ Kg8 42. Qa8+ Bf8 43. Qa1 d2 44. Bf3 Bb3 45. Qb1 d1=Q 46. Qxg6+ Qg7 47. Qxg7+ Bxg7 48. Bxd1 Bxd1 49. Kg2 Bh6 50. Ne6 Kf7 51. Nd4 Bg7 52. Nf5 Bf8 53. Ne3 Ba4 54. Nf5 Kf6 55. Nd4 Bc5 56. Ne2 Bc6+ 57. Kh2 Kf5 58. Nc3 Bd4 59. Ne2 Bf6 60. g4+ hxg4 61. hxg4+ Kxg4 62. Nd4 Be8 63. Ne2 Kf3 64. Ng1+ Kxf4 65. Ne2+ Ke3 66. Ng3 Kf3 67. Nf1 Bd7 68. Nd2+ Ke3 69. Nc4+ Kf2 70. Nd2 Be5+ 71. Kh1 Bc6+ 72. Ne4+ Bxe4# 0-1

[Event "FIDE WRBTC Blitz-Pool 2024"]
[Site "Astana"]
[Date "2024.08.05"]
[Round "6.23"]
[White "Muratova, Anel"]
[Black "Wafa, Shrook"]
[Result "0-1"]
[WhiteElo "1892"]
[BlackElo "2137"]
[Annotator "ChessBase"]
[PlyCount "112"]
[EventDate "2024.08.01"]
[EventType "team-tourn"]
[EventCountry "KAZ"]
[SourceTitle "playchess.com"]
[Source "ChessBase"]
[SourceQuality "1"]

1. e4 c5 2. Nf3 Nc6 3. d3 g6 4. Nbd2 Bg7 5. g3 d6 6. Bg2 Nf6 7. O-O O-O 8. Re1 Rb8 9. a4 a6 10. Nf1 b5 11. c3 Bb7 12. Bg5 h6 13. Bf4 Kh7 14. h4 d5 15. e5 Nh5 16. Bd2 Bc8 17. N1h2 f5 18. d4 cxd4 19. cxd4 bxa4 20. Qxa4 Bd7 21. Qxa6 Rxb2 22. Rac1 Rb6 23. Qd3 Qb8 24. Nf1 f4 25. N3h2 Bf5 26. Qc3 fxg3 27. fxg3 Be6 28. Nf3 Bd7 29. e6 Be8 30. Qd3 Nxg3 31. Ne5 Nxe5 32. dxe5 Bxe5 33. Rxe5 Nxf1 34. Ree1 Nxd2 35. Qxd2 Rb2 36. Qd3 Qb6+ 37. Kh1 Qf2 38. Qh3 Rf4 39. Rf1 Qd4 40. Rxf4 Qxf4 41. Rf1 Qe5 42. h5 Qxh5 43. Qxh5 gxh5 44. Bxd5 Re2 45. Rf8 Bg6 46. Rd8 Kg7 47. Rd7 Kf6 48. Kg1 Bf5 49. Rd8 Bxe6 50. Bc6 Bg4 51. Rf8+ Kg5 52. Rg8+ Kh4 53. Bd5 e5 54. Kf1 Rd2 55. Be4 Kg3 56. Bf5 Rd1# 0-1

[Event "FIDE WRBTC Blitz-Pool 2024"]
[Site "Astana"]
[Date "2024.08.05"]
[Round "6.24"]
[White "Allam, Yara"]
[Black "Muratova, Saltanat"]
[Result "0-1"]
[WhiteElo "1920"]
[BlackElo "1845"]
[Annotator "ChessBase"]
[PlyCount "80"]
[EventDate "2024.08.01"]
[EventType "team-tourn"]
[EventCountry "KAZ"]
[SourceTitle "playchess.com"]
[Source "ChessBase"]
[SourceQuality "1"]

1. e4 c5 2. Nf3 Nc6 3. d4 cxd4 4. Nxd4 g6 5. Nc3 Bg7 6. Be3 d6 7. f3 Nf6 8. Qd2 O-O 9. g4 Bd7 10. h4 h5 11. g5 Ne8 12. Be2 a6 13. f4 Nxd4 14. Bxd4 e5 15. fxe5 dxe5 16. Bc5 Rc8 17. Bxf8 Bxf8 18. O-O-O Nd6 19. Bd3 Be6 20. Kb1 b5 21. Ne2 Qb6 22. Nc1 a5 23. Rhf1 b4 24. Qg2 a4 25. Qh2 Qc5 26. Qf2 Qc7 27. Qd2 a3 28. Nb3 axb2 29. Rf6 Ra8 30. Kxb2 Bc4 31. Ra1 Qa7 32. Qf2 Qa3+ 33. Kb1 Bxd3 34. cxd3 Ra7 35. Qb2 Qa6 36. Qc2 Qb6 37. Qf2 Qb7 38. d4 Nb5 39. dxe5 Qxe4+ 40. Qc2 Na3+ 0-1

[Event "FIDE WRBTC Blitz-Pool 2024"]
[Site "Astana"]
[Date "2024.08.05"]
[Round "6.24"]
[White "Tazhimyrzaev, Elzar"]
[Black "Balakirev, Nikoly"]
[Result "1-0"]
[WhiteElo "1885"]
[BlackElo "1885"]
[Annotator "NA"]
[PlyCount "55"]
[EventDate "2024.08.01"]
[EventType "team-tourn"]
[EventCountry "KAZ"]
[SourceTitle "playchess.com"]
[Source "ChessBase"]
[SourceQuality "1"]

1. e4 c5 2. Nc3 e6 3. f4 d5 4. d3 Nc6 5. Nf3 Nf6 6. Be2 Be7 7. O-O O-O 8. Qe1 Nb4 9. Bd1 d4 10. Ne2 b6 11. Ng3 Bb7 12. Ne5 Nd7 13. Bd2 Nxe5 14. fxe5 Nc6 15. Bf4 b5 16. Nh5 Kh8 17. Qg3 g6 18. Bh6 Bh4 19. Qg4 Rg8 20. Nf6 Bxf6 21. exf6 Ne5 22. Qg5 Nd7 23. Be2 Rc8 24. Rf3 e5 25. Raf1 Rc6 26. Bg7+ Rxg7 27. fxg7+ Kg8 28. Qxd8+ 1-0

[Event "FIDE WRBTC Blitz-Pool 2024"]
[Site "Astana"]
[Date "2024.08.05"]
[Round "6.24"]
[White "Kertaev, Natan"]
[Black "Tynybekov, Bakyt"]
[Result "1-0"]
[WhiteElo "1828"]
[BlackElo "1795"]
[Annotator "NA"]
[PlyCount "73"]
[EventDate "2024.08.01"]
[EventType "team-tourn"]
[EventCountry "KAZ"]
[SourceTitle "playchess.com"]
[Source "ChessBase"]
[SourceQuality "1"]

1. e4 e6 2. d4 d5 3. Nc3 Nf6 4. e5 Nfd7 5. f4 c5 6. Nf3 Nc6 7. Be3 a6 8. Qd2 b5 9. Nd1 cxd4 10. Nxd4 Nxd4 11. Bxd4 Bc5 12. c3 Qb6 13. Ne3 a5 14. Bxc5 Nxc5 15. Qd4 Ba6 16. f5 Nd7 17. Bd3 b4 18. Bxa6 Rxa6 19. fxe6 fxe6 20. O-O bxc3 21. Qxc3 Rf8 22. Qc8+ Ke7 23. Rxf8 Nxf8 24. Rf1 Ng6 25. Kh1 Nxe5 26. Qf8+ Kd7 27. Qxg7+ Kd6 28. Nxd5 Kxd5 29. Rd1+ Ke4 30. Re1+ Kd5 31. Qxe5+ Kc6 32. Qxe6+ Kb7 33. Qf7+ Kc8 34. Re8+ Qd8 35. Rxd8+ Kxd8 36. Qxh7 Rd6 37. h3 1-0

[Event "FIDE WRBTC Blitz-Pool 2024"]
[Site "Astana"]
[Date "2024.08.05"]
[Round "6.25"]
[White "Annaberdiyev, Meylis"]
[Black "Grischuk, Alexander"]
[Result "0-1"]
[WhiteElo "2431"]
[BlackElo "2708"]
[Annotator "ChessBase"]
[PlyCount "80"]
[EventDate "2024.08.01"]
[EventType "team-tourn"]
[EventCountry "KAZ"]
[SourceTitle "playchess.com"]
[Source "ChessBase"]
[SourceQuality "1"]

1. e4 e5 2. Nf3 Nc6 3. Bc4 Bc5 4. O-O Nf6 5. d3 d6 6. c3 a6 7. a4 h6 8. Re1 Ba7 9. Nbd2 g5 10. Nf1 g4 11. N3d2 h5 12. Nb3 h4 13. Be3 Bxe3 14. Rxe3 Ne7 15. d4 Ng6 16. Nbd2 Qe7 17. Qb3 Nf4 18. a5 Kf8 19. Ree1 Rh5 20. Ne3 c6 21. Bf1 Kg7 22. dxe5 dxe5 23. Qa3 Qxa3 24. Rxa3 Be6 25. Nec4 Rd8 26. Rb3 Rd7 27. Rb4 Nh7 28. Nb3 Bxc4 29. Bxc4 h3 30. g3 Ng5 31. Nc5 Nf3+ 32. Kh1 Rd2 33. Rf1 Nd5 34. exd5 cxd5 35. Ba2 e4 36. Rxb7 e3 37. Ne6+ Kf6 38. Nf4 e2 39. Nxh5+ Kg5 40. Re1 Rd1 0-1

[Event "FIDE WRBTC Blitz-Pool 2024"]
[Site "Astana"]
[Date "2024.08.05"]
[Round "6.25"]
[White "Kassimov, Baurzhan"]
[Black "Ding, Liren"]
[Result "0-1"]
[WhiteElo "2260"]
[BlackElo "2745"]
[Annotator "RC"]
[PlyCount "82"]
[EventDate "2024.08.01"]
[EventType "team-tourn"]
[EventCountry "KAZ"]
[SourceTitle "playchess.com"]
[Source "ChessBase"]
[SourceQuality "1"]

1. c4 e5 2. Nc3 d6 3. g3 Be7 4. Bg2 f5 5. d3 Nf6 6. Nf3 O-O 7. O-O a5 8. Bg5 Nbd7 9. Bxf6 Nxf6 10. Nd5 Nxd5 11. cxd5 Qe8 12. Rc1 Bd8 13. e4 Qh5 14. Nd2 Qg6 15. exf5 Qxf5 16. Qe2 Bd7 17. Nc4 Qg6 18. Be4 Qh6 19. Ne3 Rc8 20. Bf3 Bg5 21. Bg2 c5 22. dxc6 bxc6 23. Rc4 d5 24. Rc5 Bd8 25. Rcc1 Qd6 26. Qd2 Bb6 27. a3 a4 28. Nc2 Rf7 29. Ne3 Rcf8 30. Qe2 Bd4 31. Rc2 g6 32. Rd2 Kg7 33. Qd1 Qc5 34. Nc2 Bxf2+ 35. Kh1 h5 36. Qe2 Qd6 37. Rxf2 Rxf2 38. Qxf2 Rxf2 39. Rxf2 Bf5 40. Rd2 Qc5 41. Nb4 Qc1+ 0-1

[Event "FIDE WRBTC Blitz-Pool 2024"]
[Site "Astana"]
[Date "2024.08.05"]
[Round "6.26"]
[White "Svidler, Peter"]
[Black "Halynyazov, Vepaly"]
[Result "1-0"]
[WhiteElo "2698"]
[BlackElo "2049"]
[Annotator "ChessBase"]
[PlyCount "103"]
[EventDate "2024.08.01"]
[EventType "team-tourn"]
[EventCountry "KAZ"]
[SourceTitle "playchess.com"]
[Source "ChessBase"]
[SourceQuality "1"]

1. e4 e6 2. d4 d5 3. Nd2 c5 4. Ngf3 cxd4 5. Nxd4 Nc6 6. Bb5 Bd7 7. Nxc6 bxc6 8. Bd3 Bd6 9. Qe2 Ne7 10. Nf3 Ng6 11. e5 Bc7 12. O-O O-O 13. Re1 c5 14. c4 Bc6 15. cxd5 Bxd5 16. Be4 Bxe4 17. Qxe4 Qd5 18. Qe2 Rad8 19. Bg5 Rd7 20. Rad1 Qc6 21. h4 h6 22. h5 Ne7 23. Bxe7 Rxe7 24. Nh2 Rd7 25. Rxd7 Qxd7 26. Rd1 Qa4 27. b3 Qh4 28. Rd7 Bb6 29. Qg4 Qxg4 30. Nxg4 Rd8 31. Rxd8+ Bxd8 32. Kf1 Kf8 33. Ke2 Ke7 34. Kd3 Kd7 35. Kc4 Kc6 36. f4 Bh4 37. Kd3 Kb5 38. Ne3 Be7 39. Nc4 Kb4 40. Kc2 g6 41. g4 gxh5 42. gxh5 Bh4 43. a3+ Kb5 44. Nd6+ Kc6 45. Nxf7 Bg3 46. Nxh6 Bxf4 47. Ng4 Kd5 48. Kd3 Bxe5 49. Nxe5 Kxe5 50. h6 Kf6 51. Ke4 a5 52. a4 1-0

[Event "FIDE WRBTC Blitz-Pool 2024"]
[Site "Astana"]
[Date "2024.08.05"]
[Round "6.27"]
[White "Kozganbay, Erkin"]
[Black "Yu, Yangyi"]
[Result "0-1"]
[WhiteElo "2293"]
[BlackElo "2703"]
[Annotator "ChessBase"]
[PlyCount "94"]
[EventDate "2024.08.01"]
[EventType "team-tourn"]
[EventCountry "KAZ"]
[SourceTitle "playchess.com"]
[Source "ChessBase"]
[SourceQuality "1"]

1. e4 e5 2. f4 exf4 3. Bc4 c6 4. Nc3 d5 5. exd5 Nf6 6. d4 Bd6 7. Nge2 cxd5 8. Bb5+ Nc6 9. Bxf4 Bxf4 10. Nxf4 Bg4 11. Qd2 Qe7+ 12. Kf2 O-O 13. Rhf1 Qb4 14. Bxc6 bxc6 15. Kg1 Rae8 16. h3 Bd7 17. a3 Qd6 18. Nd3 Ne4 19. Nxe4 dxe4 20. Nc5 e3 21. Qd3 Bc8 22. Rf3 e2 23. Re1 Re7 24. Re3 Rfe8 25. R1xe2 Rxe3 26. Rxe3 Rd8 27. Qe4 h6 28. c3 Rf8 29. Qe5 Qg6 30. Rg3 Qh7 31. Ne4 Kh8 32. Qe7 Rg8 33. Nf6 gxf6 34. Qxf6+ Rg7 35. Rxg7 Qxg7 36. Qd8+ Qg8 37. Qf6+ Kh7 38. Kh2 Be6 39. c4 Qg6 40. Qf1 Qe4 41. Qd1 Qf4+ 42. Kh1 Qe4 43. b3 Bxh3 44. Qd2 Be6 45. Qf2 Qb1+ 46. Kh2 Qxb3 47. d5 cxd5 0-1

[Event "FIDE WRBTC Blitz-Pool 2024"]
[Site "Astana"]
[Date "2024.08.05"]
[Round "6.27"]
[White "Turayev, Shahruh"]
[Black "Mamedyarov, Shakhriyar"]
[Result "0-1"]
[WhiteElo "2097"]
[BlackElo "2733"]
[Annotator "RC"]
[PlyCount "62"]
[EventDate "2024.08.01"]
[EventType "team-tourn"]
[EventCountry "KAZ"]
[SourceTitle "playchess.com"]
[Source "ChessBase"]
[SourceQuality "1"]

1. d4 Nf6 2. c4 g6 3. Nc3 d5 4. cxd5 Nxd5 5. e4 Nxc3 6. bxc3 Bg7 7. Nf3 Bg4 8. Be2 c5 9. Rb1 b6 10. O-O O-O 11. Be3 Nd7 12. h3 Bxf3 13. Bxf3 Rc8 14. e5 Qc7 15. Qe2 e6 16. a4 Rfd8 17. a5 Rb8 18. Rb5 bxa5 19. Rfb1 Rxb5 20. Rxb5 Rb8 21. Qb2 cxd4 22. cxd4 a4 23. Bd1 Rxb5 24. Qxb5 a3 25. Bb3 Bf8 26. g3 Qb6 27. Qc4 Qb4 28. Qc2 Nb6 29. Ba2 Qb2 30. Qb3 Nd5 31. Kf1 Nc3 0-1

[Event "FIDE WRBTC Blitz-Pool 2024"]
[Site "Astana"]
[Date "2024.08.05"]
[Round "6.28"]
[White "Sadvakasov, Darmen"]
[Black "Agajanova, Meryem"]
[Result "1-0"]
[WhiteElo "2629"]
[BlackElo "2007"]
[Annotator "ChessBase"]
[PlyCount "53"]
[EventDate "2024.08.01"]
[EventType "team-tourn"]
[EventCountry "KAZ"]
[SourceTitle "playchess.com"]
[Source "ChessBase"]
[SourceQuality "1"]

1. e4 e6 2. d4 d5 3. Nc3 Bb4 4. e5 c5 5. a3 Bxc3+ 6. bxc3 Ne7 7. Nf3 Qc7 8. h4 b6 9. Bb5+ Bd7 10. Bd3 Ba4 11. O-O Nbc6 12. h5 h6 13. Re1 Rc8 14. dxc5 bxc5 15. Bf4 Qa5 16. Qd2 O-O 17. Bxh6 f6 18. exf6 Rxf6 19. Bg5 Rxf3 20. gxf3 Rf8 21. Rxe6 Nf5 22. Rae1 d4 23. Re8 Nd6 24. Rxf8+ Kxf8 25. Qf4+ Nf7 26. Bg6 Ncd8 27. Bxd8 1-0

[Event "FIDE WRBTC Blitz-Pool 2024"]
[Site "Astana"]
[Date "2024.08.05"]
[Round "6.29"]
[White "Ezizov, Muhammet"]
[Black "Assaubayeva, Bibisara"]
[Result "1-0"]
[WhiteElo "1909"]
[BlackElo "2470"]
[Annotator "ChessBase"]
[PlyCount "87"]
[EventDate "2024.08.01"]
[EventType "team-tourn"]
[EventCountry "KAZ"]
[SourceTitle "playchess.com"]
[Source "ChessBase"]
[SourceQuality "1"]

1. e4 e5 2. Nf3 Nc6 3. Bb5 a6 4. Ba4 Nf6 5. d3 b5 6. Bb3 Be7 7. O-O O-O 8. c3 d5 9. exd5 Nxd5 10. Re1 Bg4 11. h3 Bh5 12. g4 Bg6 13. Nxe5 Nxe5 14. Rxe5 c6 15. Bxd5 cxd5 16. Qf3 d4 17. Rd5 Qc8 18. Rxd4 f5 19. g5 Bc5 20. Rd5 Qc6 21. d4 Bd6 22. c4 Rae8 23. Bd2 bxc4 24. Nc3 f4 25. Qg4 Kh8 26. a4 Bb4 27. Re5 Rxe5 28. dxe5 Bf5 29. Qxf4 Bxh3 30. Qg3 Bf5 31. Re1 Rd8 32. Be3 Qe6 33. Qh4 Rd3 34. Ne2 Bxe1 35. Nf4 Qe7 36. Nxd3 cxd3 37. Qf4 g6 38. e6 Kg8 39. Qb8+ Qf8 40. Qc7 Bb4 41. Bd4 Be7 42. Qe5 Bf6 43. gxf6 d2 44. f7+ 1-0